Prawna ochrona a polityka bezpieczeństwa informacji

Gespeichert in:
Bibliographische Detailangaben
1. Verfasser: Korzeniowski, Leszek
Format: Buchkapitel
Sprache:Polnisch
Schlagworte:
Tags: Tag hinzufügen
Keine Tags, Fügen Sie das erste Tag hinzu!

MARC

LEADER 00000naa$a2200000$$$4500
001 0032917
005 20221207121558.6
041 0 |a pol 
044 |a SK 
245 1 0 |a Prawna ochrona a polityka bezpieczeństwa informacji  |c Leszek Korzeniowski 
610 2 0 |a Poľsko 
610 2 0 |a ochrana informácií 
610 2 0 |a bezpečnosť informačná 
610 2 0 |a ochrana právna 
610 2 0 |a predpisy právne 
100 1 |a Korzeniowski, Leszek